ბათუმის შოთა რუსთაველის სახელმწიფო უნივერსიტეტის ბიბლიოთეკა

Edito. Methode de francais (ბიბ.ჩანაწერი № 50605)

000 -LEADER
fixed length control field 00453nam a2200205Ia 4500
001 - CONTROL NUMBER
control field 17555
003 - CONTROL NUMBER IDENTIFIER
control field GE_BSU
008 - FIXED-LENGTH DATA ELEMENTS--GENERAL INFORMATION
fixed length control field 181216s||||||||xx |||||||||||||| ||und||
020 ## - INTERNATIONAL STANDARD BOOK NUMBER
International Standard Book Number 9782278058297
040 ## - CATALOGING SOURCE
Transcribing agency GE_BSU
080 ## - UNIVERSAL DECIMAL CLASSIFICATION NUMBER
Universal Decimal Classification number 94(44)
245 ## - TITLE STATEMENT
Title Edito. Methode de francais
260 ## - PUBLICATION, DISTRIBUTION, ETC.
Place of publication, distribution, etc. Paris
260 ## - PUBLICATION, DISTRIBUTION, ETC.
Date of publication, distribution, etc. 2006
300 ## - PHYSICAL DESCRIPTION
Extent 224p.
300 ## - PHYSICAL DESCRIPTION
Accompanying material კასეტით
653 ## - INDEX TERM--UNCONTROLLED
Uncontrolled term Edito. Methode de francais
942 ## - ADDED ENTRY ELEMENTS (KOHA)
Koha item type წიგნი
ეგზემპლარები
Withdrawn status Lost status Damaged status Not for loan Date acquired Barcode Date last seen Price effective from Koha item type
        2018-12-17 1440 2018-12-17 2018-12-17 წიგნი